<?xml version="1.0" encoding="UTF-8"?><?xml-stylesheet type="text/xsl" href="static/style.xsl"?><OAI-PMH xmlns="http://www.openarchives.org/OAI/2.0/" xmlns:xsi="http://www.w3.org/2001/XMLSchema-instance" xsi:schemaLocation="http://www.openarchives.org/OAI/2.0/ http://www.openarchives.org/OAI/2.0/OAI-PMH.xsd"><responseDate>2026-06-01T21:13:06Z</responseDate><request verb="GetRecord" identifier="oai:riuma.uma.es:10630/30641" metadataPrefix="marc">https://riuma.uma.es/rest/oai/request</request><GetRecord><record><header><identifier>oai:riuma.uma.es:10630/30641</identifier><datestamp>2026-02-03T10:51:34Z</datestamp><setSpec>com_10630_2254</setSpec><setSpec>col_10630_37953</setSpec></header><metadata><record xmlns="http://www.loc.gov/MARC21/slim" xmlns:dcterms="http://purl.org/dc/terms/" xmlns:doc="http://www.lyncode.com/xoai" xmlns:xsi="http://www.w3.org/2001/XMLSchema-instance" xsi:schemaLocation="http://www.loc.gov/MARC21/slim http://www.loc.gov/standards/marcxml/schema/MARC21slim.xsd">
   <leader>00925njm 22002777a 4500</leader>
   <datafield ind2=" " ind1=" " tag="042">
      <subfield code="a">dc</subfield>
   </datafield>
   <datafield ind2=" " ind1=" " tag="720">
      <subfield code="a">Expósito-García, Alfonso</subfield>
      <subfield code="e">author</subfield>
   </datafield>
   <datafield ind2=" " ind1=" " tag="720">
      <subfield code="a">Sanchis-Llopis, Juan Alberto</subfield>
      <subfield code="e">author</subfield>
   </datafield>
   <datafield ind2=" " ind1=" " tag="260">
      <subfield code="c">2018-06-19</subfield>
   </datafield>
   <datafield ind2=" " ind1=" " tag="520">
      <subfield code="a">This article examines the impact of product, process and organisational innovations on two&#xd;
alternative dimensions of business performance: finance and operations. Two indicators&#xd;
capture financial performance: sales increase and production cost reduction. Operational firm&#xd;
performance is captured by two alternative indicators: productive capacity augmentation and&#xd;
quality improvement of product/service provided by the firm. Using a wide-ranging sample of&#xd;
Spanish small- and medium-sized enterprises (SMEs), our findings highlight the significant impact of&#xd;
innovation upon both these dimensions of business performance, although they differ regarding the&#xd;
type of innovation and the performance indicator considered. Furthermore, our results indicate&#xd;
that the relationship between innovation choices in SMEs and business performance should be&#xd;
analysed from a multi-dimensional approach. These findings reveal significant implications for&#xd;
innovation policies and strategies for SMEs.</subfield>
   </datafield>
   <datafield ind1="8" ind2=" " tag="024">
      <subfield code="a">Exposito, A., &amp; Sanchis-Llopis, J. A. (2018). Innovation and business performance for Spanish SMEs: New evidence from a multi-dimensional approach. International Small Business Journal, 36(8), 911-931. https://doi.org/10.1177/0266242618782596</subfield>
   </datafield>
   <datafield ind1="8" ind2=" " tag="024">
      <subfield code="a">https://hdl.handle.net/10630/30641</subfield>
   </datafield>
   <datafield ind1="8" ind2=" " tag="024">
      <subfield code="a">https://doi.org/10.1177/0266242618782596</subfield>
   </datafield>
   <datafield tag="653" ind2=" " ind1=" ">
      <subfield code="a">Pequeñas y medianas empresas - Gestión</subfield>
   </datafield>
   <datafield tag="653" ind2=" " ind1=" ">
      <subfield code="a">Creatividad en la empresa</subfield>
   </datafield>
   <datafield tag="653" ind2=" " ind1=" ">
      <subfield code="a">Econometría</subfield>
   </datafield>
   <datafield ind2="0" ind1="0" tag="245">
      <subfield code="a">Innovation and business performance for Spanish SMEs: New evidence from a multi-dimensional approach.</subfield>
   </datafield>
</record>
</metadata></record></GetRecord></OAI-PMH>